Statistics for Nejčastější jména pro děti v ČR

Click here to take the quiz!

General Stats

  • This quiz has been taken 1 107 times
  • The average score is 10 of 20

Answer Stats

PořadíJméno% Correct
2.Jan
92%
1.Jakub
75%
3.Tomáš
72%
3.Adéla
68%
2.Anna
68%
1.Eliška
64%
4.Tereza
61%
8.Lukáš
56%
9.Martin
56%
10.Matěj
51%
5.Adam
48%
6.Filip
42%
7. - 8.Ema
40%
7. - 8.Karolína
40%
9.Natálie
39%
4.Matyáš
38%
7.Vojtěch
33%
5.Sofie
24%
6.Viktorie
16%
10.Amálie
10%

Score Distribution

Percentile by Number Answered

Percent of People with Each Score

Your Score History

You have not taken this quiz